Normal view
MARC view
Entry Personal Name
001 - CONTROL NUMBER
- control field: 3162
003 - CONTROL NUMBER IDENTIFIER
- control field: OSt
005 - DATE AND TIME OF LATEST TRANSACTION
- control field: 20150304173553.0
008 - FIXED-LENGTH DATA ELEMENTS
- fixed length control field: 150304|| aca||aabn | a|a d
040 ## - CATALOGING SOURCE
- Original cataloging agency: OSt
- Transcribing agency: OSt
100 ## - HEADING--PERSONAL NAME
- Personal name: Wilkinson, J. L.
- Fuller form of name: (John Leonard)
670 ## - SOURCE DATA FOUND
- Source citation: Work cat.: (OSt)1156: Wilkinson, J. L. (John Leonard), Neuroanatomy for medical students /, 1998.
